| 000 | 00345 a2200157 4500 | ||
|---|---|---|---|
| 003 | Nust | ||
| 005 | 20170207153454.0 | ||
| 040 | _cNust | ||
| 082 | _a958.1 | ||
| 100 | _aWilson Andrew | ||
| 245 | _aNorth from Kabul | ||
| 260 |
_aLondon _bGeorge Allen |
||
| 538 | _aAlmirah No.63 Shelf No.4 | ||
| 600 | _aAndrew Wilson | ||
| 650 | _aNorth from Kabul | ||
| 942 |
_2ddc _cBK |
||
| 999 |
_c187025 _d187025 |
||